Bariérový účinok ochranných pracovných rukavíc pri manipulácii neprofesionálnych záhradkárov s pesticídmi - in vitro hodnotenie systému rukavica-koža diplomová práca

Gespeichert in:
Bibliographische Detailangaben
1. Verfasser: Birbičová, Simona
Format: Buch
Sprache:Slowakisch
Veröffentlicht: Bratislava STU FCHPT 2017
Online-Zugang:Im OPAC anzeigen
Tags: Tag hinzufügen
Keine Tags, Fügen Sie das erste Tag hinzu!

MARC

LEADER 00000nam a2200000 a 4500
005 20260127134421.0
008 170711 2017 xo 001 0 slo d
035 |a vtls011701655 
039 9 |y 201707110850  |z mschk03 
040 |a STUSCHK1  |b slo  |c STUSCHK1  |e AACR2 
100 1 |a Birbičová, Simona 
245 1 |a Bariérový účinok ochranných pracovných rukavíc pri manipulácii neprofesionálnych záhradkárov s pesticídmi - in vitro hodnotenie systému rukavica-koža  |b diplomová práca  |c Simona Birbičová 
260 |a Bratislava  |b STU FCHPT  |c 2017 
300 |a 63 s.  |b il.  |c 25 cm 
500 |a Študijný program: potraviny, hygiena, kozmetika 
500 |a Študijný odbor: potravinárstvo 
500 |a Školiace pracovisko: Ústav potravinárstva a výživy 
500 |a Evid. číslo: FCHPT-5457-614158 
910 |a SCHK95 
999 |c 12306  |d 12306